000 01218nam a2200301 i 4500
001 197694
003 SpMaBN
005 20250902054527.0
008 250507s2024 sp |||||| 000 | spa|
017 _aAL 1233-2024
_bOficina Depósito Legal Almería
020 _a9788410734050
040 _aSpMaBN
_bspa
_cSpMaBN
_erda
100 1 _aChacón Marón, Francisco
_9241115
_eaut
245 1 0 _aLos jefes :
_bvida y secretos de un ejecutivo de multinacional /
_cFrancisco Chacón Marín.
250 _aPrimera edición: junio 2024
260 _aAlmería :
_bEditorial Círculo Rojo,
_c2024.
300 _a354 páginas ;
_c21 cm.
336 _aTexto
_2rdacontent
337 _asin mediación
_2rdamedia
338 _avolumen
_2rdacarrier
650 7 _aDirección de empresas
_2embne
_9162153
852 _aES-MaACL
_cDEPOJ
_jN-10557
_gDedicatoria autógrafa del autor
_hDonación: Francisco Chacón Marín
_xEncuadernación rústica con solapas
_9206680
903 _9241115
_aChacón Marón, Francisco
_ednr
942 _cMONOGRAFIA
_n0
999 _c197694
_d197694